Statistics for Sacramento Kings 2018-19 Roster

Click here to take the quiz!

General Stats

  • This quiz has been taken 44 times
    (43 since last reset)
  • The average score is 8 of 17

Answer Stats

NbrPostPlayer% Correct
5PGDe'Aaron Fox
100%
24SGBuddy Hield
92%
00CWillie Cauley-Stein
71%
35PFMarvin Bagley
67%
8SGBogdan Bogdanovic
58%
88PFNemanja Bjelica
58%
50PFZach Randolph
54%
41CKosta Koufos
46%
25SFJustin Jackson
38%
7PFSkal Labissiere
38%
20PFHarry Giles
25%
10PGFrank Mason
25%
3PGYogi Ferrell
21%
23SGBen McLemore
21%
-Head CoachDavid Joerger
21%
32FWenyen Gabriel
13%
9SGIman Shumpert
13%

Score Distribution

Percentile by Number Answered

Percent of People with Each Score

Your Score History

You have not taken this quiz since the last reset